01371cam a22002535a 45000010009000000050017000090080041000260200029000670400033000960820021001291000028001502450101001782600044002793000035003235040031003585200436003896500041008256500036008666510010009026530037009129420008009499990017009579520143009741814228220151210115317.0140507t2014 maua frb 000 0 eng d a9780080999982 (hardback) aDLCbengcDLCdDLCdEG-ScBUE04a662.625bTOP2221 aToporov, Dobrin.93889610aCombustion of pulverised coal in a mixture of oxygen and recycled flue gas /cDobrin D. Toporov. aWaltham ;aLondon :bElsevier,cc.2014. axxii, 174 p. :bill. ;c23 cm. aBibliography : p. 159-170. a"During the last century, the world has witnessed an accelerating technological development in almost all aspects of human life, resulting in rapidly improving living standards in the vast majority of countries. This development would have been impossible without energy, and the growing demand for energy services has led both to the discoveries of new energy sources and to the development of new energy conversion technologies." 0aCoal, PulverizedxCombustion.2BUEsh 0aClean coal technologies.2BUEsh 2BUEsh bENGGENcAugust2015cDecember2015 2ddc c20656d20628 00102ddc40708BaccahaMAINbMAINc1STd2015-08-19ePurchaseg960.00h21761l0o662.625 TOPp000039713r2025-07-15 00:00:00v1200.00yBB